000
00265nam a22000977a 4500
999
_c
11140
_d
11140
008
180922b ||||| |||| 00| 0 eng d
020
_a
9788126013425
100
_a
Mukherjee, Meenakshi
_9
6904
245
_a
Early novels in india
260
_a
Mumbai
_b
Sahitya Akademy
_c
2017